Planning law does not break the rights act (Record no. 67339)
[ view plain ]
| 000 -LEADER | |
|---|---|
| fixed length control field | 01137cam a2200253 4500 |
| 001 - CONTROL NUMBER | |
| control field | X113114 |
| 008 - FIXED-LENGTH DATA ELEMENTS--GENERAL INFORMATION | |
| fixed length control field | 000000n2001 000 0 eng u |
| 035 ## - SYSTEM CONTROL NUMBER | |
| System control number | (Sirsi) u113114 |
| 100 ## - MAIN ENTRY--PERSONAL NAME | |
| Personal name | Winter, J. |
| 245 ## - TITLE STATEMENT | |
| Title | Planning law does not break the rights act |
| 260 ## - PUBLICATION, DISTRIBUTION, ETC. | |
| Date of publication, distribution, etc. | 2001 |
| 490 ## - SERIES STATEMENT | |
| Series statement | Construction News |
| Volume/sequential designation | (6718) 31 May 2001, 14(1) |
| 520 ## - SUMMARY, ETC. | |
| Summary, etc. | Refutes the proposition based on the Human Rights Act 1998, that SoS Environment cannot be the appropriate person to decide planning applications and hold the conflicting role of deciding planning policy. Three cases together show that U.K. legislation does not contravene article 6(1) of the European Convention. |
| 650 ## - SUBJECT ADDED ENTRY--TOPICAL TERM | |
| Topical term or geographic name entry element | CONVENTION FOR THE PROTECTION OF HUMAN RIGHTS AND FUNDAMENTAL FREEDOMS ART 6(1) |
| 650 ## - SUBJECT ADDED ENTRY--TOPICAL TERM | |
| Topical term or geographic name entry element | HUMAN RIGHTS ACT 1998 |
| 650 ## - SUBJECT ADDED ENTRY--TOPICAL TERM | |
| Topical term or geographic name entry element | SOS ENVIRONMENT TRANSPORT AND THE REGIONS |
| 650 ## - SUBJECT ADDED ENTRY--TOPICAL TERM | |
| Topical term or geographic name entry element | PLANNING APPLICATIONS |
| 650 ## - SUBJECT ADDED ENTRY--TOPICAL TERM | |
| Topical term or geographic name entry element | PLANNING PERMISSION |
| 650 ## - SUBJECT ADDED ENTRY--TOPICAL TERM | |
| Topical term or geographic name entry element | R V SOS ENVIRONMENT, TRANSPORT AND THE REGIONS EX P ALCONBURY DEVELOPMENTS |
| 650 ## - SUBJECT ADDED ENTRY--TOPICAL TERM | |
| Topical term or geographic name entry element | JUDICIAL REVIEW |
| 690 ## - LOCAL SUBJECT ADDED ENTRY--TOPICAL TERM (OCLC, RLIN) | |
| Topical term or geographic name as entry element | Planning and development |
| 9 (RLIN) | 6259 |
| 700 ## - ADDED ENTRY--PERSONAL NAME | |
| Personal name | Pike, R. |
| 942 ## - ADDED ENTRY ELEMENTS (KOHA) | |
| Suppress in OPAC | 0 |
| Withdrawn status | Lost status | Source of classification or shelving scheme | Damaged status | Not for loan | Home library | Current library | Shelving location | Date acquired | Total Checkouts | Full call number | Barcode | Date last seen | Copy number | Price effective from | Koha item type |
|---|---|---|---|---|---|---|---|---|---|---|---|---|---|---|---|
| Dewey Decimal Classification | London | London | Journal article | 15/06/2001 | X113114 | 113114-1001 | 06/08/2019 | 1 | 06/08/2019 | Journal article |